[Event "BCF-chT1a 1415 (4NCL)"]
[Site "England"]
[Date "2015.01.11"]
[Round "4.136"]
[White "Nelson, Jonathan"]
[Black "James, Ann Marie"]
[Result "1-0"]
[WhiteElo "2231"]
[BlackElo "2068"]
[PlyCount "71"]
[EventDate "2014.11.15"]
[EventType "team-swiss"]
[EventRounds "11"]
[EventCountry "ENG"]
[SourceTitle "EXT 2016"]
[Source "ChessBase"]
[SourceDate "2015.10.08"]
[SourceVersion "1"]
[SourceVersionDate "2015.10.08"]
[SourceQuality "1"]
[WhiteTeam "Blackthorne Russia"]
[BlackTeam "Warwicks Select"]
[WhiteTeamCountry "ENG"]
[BlackTeamCountry "ENG"]

1. d4 Nf6 2. Nf3 e6 3. e3 d5 4. Bd3 c5 5. b3 Nc6 6. 0-0 cxd4 7. exd4 Bd6 8. Re1 Bd7 9. Bb2 Rc8 10. c4 0-0 11. Nbd2 Qa5 12. a3 Ne7 13. Ne5 Bb8 14. Rc1 Ng6 15. g3 dxc4 16. bxc4 Ba4 17. Qe2 Bxe5 18. dxe5 Nd7 19. Nf3 Nc5 20. Bb1 Rfd8 21. h4 Rd7 22. h5 Nf8 23. h6 g6 24. Bc3 Qd8 25. Bb4 a5 26. Bxc5 Rxc5 27. Qe3 b6 28. Ng5 Bc6 29. Qf4 Qe7 30. Rcd1 b5 31. cxb5 Rxb5 32. Be4 Rxd1 33. Rxd1 Bd5 34. Rc1 Bxe4 35. Nxe4 Qxa3 36. Nd6 1-0